Asphalt paving manual / (Record no. 547724)

000 -LEADER
fixed length control field 00684nam a2200205 a 4500
082 00 - DEWEY DECIMAL CLASSIFICATION NUMBER
Classification number 625.85
Author Mark ASP
-- L-21, P-40
245 00 - TITLE STATEMENT
Title Asphalt paving manual /
Statement of responsibility, etc. the Asphalt Institute.
250 ## - EDITION STATEMENT
Edition statement 1st ed.
260 ## - PUBLICATION, DISTRIBUTION, ETC.
Place of publication, distribution, etc. [College Park, Md.] :
Name of publisher, distributor, etc. The Institute,
Date of publication, distribution, etc. 1960.
300 ## - PHYSICAL DESCRIPTION
Extent x, 138 p. :
Other physical details ill. ;
Dimensions 23 cm.
490 1# - SERIES STATEMENT
Series statement Manual series / The Asphalt Institute ;
500 ## - GENERAL NOTE
General note Includes index.
526 ## - STUDY PROGRAM INFORMATION NOTE
Program name 0
Interest level 0
Reading level 0
Title point value 625_850000000000000_ASP
526 ## - STUDY PROGRAM INFORMATION NOTE
Program name 0
Interest level 0
Reading level 0
Title point value 625_850000000000000_ASP
526 ## - STUDY PROGRAM INFORMATION NOTE
Program name 0
Interest level 0
Reading level 0
Title point value 625_850000000000000_ASP
650 #0 - SUBJECT ADDED ENTRY--TOPICAL TERM
Topical term or geographic name entry element MCE
9 (RLIN) 379
650 #0 - SUBJECT ADDED ENTRY--TOPICAL TERM
Topical term or geographic name entry element Pavements, Asphalt
General subdivision Design and construction.
9 (RLIN) 21619
710 2# - ADDED ENTRY--CORPORATE NAME
Corporate name or jurisdiction name as entry element Asphalt Institute.
9 (RLIN) 13616
942 ## - ADDED ENTRY ELEMENTS (KOHA)
Source of classification or shelving scheme
Koha item type Book
Holdings
Withdrawn status Lost status Source of classification or shelving scheme Damaged status Not for loan Permanent Location Current Location Date acquired Total Checkouts Full call number Barcode Date last seen Price effective from Koha item type
          Military College of Engineering (MCE) Military College of Engineering (MCE) 08/05/2014   625.85 ASP MCE-33411 08/05/2014 08/05/2014 Book
          Military College of Engineering (MCE) Military College of Engineering (MCE) 08/05/2014   625.85 ASP MCE-33410 08/05/2014 08/05/2014 Book
          Military College of Engineering (MCE) Military College of Engineering (MCE) 08/05/2014   625.85 ASP MCE-2811 08/05/2014 08/05/2014 Book
© 2023 Central Library, National University of Sciences and Technology. All Rights Reserved.